|
|
|
|
| LEADER |
00633cam a2200181 7i4500 |
| 001 |
0000044496 |
| 005 |
20130111090000.0 |
| 020 |
|
|
|a 9789795141617 (pbk.)
|
| 020 |
|
|
|a 9795141619 (pbk.)
|
| 090 |
0 |
0 |
|a P91.3
|b .R37 2007
|
| 100 |
1 |
|
|a Rakhmat, Jalaluddin
|
| 245 |
1 |
0 |
|a Metode penelitian komunikasi :
|b dilengkapi contoh analisis statistik
|c Drs. Jalaluddin Rakhmat.
|
| 260 |
|
|
|a Bandung:
|b Pt Remaja Rosdakarya,
|c 2007.
|
| 300 |
|
|
|a ix, 184 p.;
|c 24 cm.
|
| 650 |
0 |
0 |
|a Communication --
|x Research
|
| 650 |
0 |
0 |
|a Communication --
|x Methodology
|
| 997 |
|
|
|a Centre for Graduate Studies
|
| 999 |
|
|
|a 0000051547
|b BOK
|c OPEN SHELF
|e 1st Floor, Shah Alam
|